| 000 | 00422nam a22001817a 4500 | ||
|---|---|---|---|
| 003 | CEME | ||
| 005 | 20210628204133.0 | ||
| 008 | 210106b xxu||||| |||| 00| 0 eng d | ||
| 020 | _a9781420076716 | ||
| 040 | _cceme | ||
| 082 | _a621.362 ROG | ||
| 100 |
_aRogalski, Antoni _968883 |
||
| 245 | _aInfrared detectors | ||
| 250 | _a2ND | ||
| 260 |
_aNEW YORK _bCRC PRESS _c2011 |
||
| 300 | _aXXI, 876P | ||
| 942 |
_cBK _2ddc |
||
| 999 |
_c576343 _d576343 |
||